000 00432pab a2200145 454500
008 180718b1984 xxu||||| |||| 00| 0 eng d
100 _aCornforth, Chris
245 _aThe role of local cooperative development agencies in promoting worker cooperatives
260 _c1984
300 _a253-79
362 _aJuly-Sept.
650 _aCooperative Marketing - U.K.
773 _aAnnals of Public and Cooperative Economy
909 _a6688
999 _c6688
_d6688